000
00263nam a2200109Ia 4500
008
151213s9999 xx 000 0 und d
245
_a
দপন বাহকেরা।
300
_a
8758 p.
650
_a
Bangla
650
_a
উপন্যাস
999
_c
4543
_d
4543